000 00249nam a2200097Ia 4500
082 _aEF|ANDR
245 0 _aOn the edge
100 _a Andrews, Ilona New York, [c.2009]
_955495
942 _cBK
008 210817s9999 xx 000 0 und d
999 _c174527
_d174526